000
00199nam a22000857a 4500
008
170213b xxu||||| |||| 00| 0 eng d
100
_9
2864
_a
Manan
245
_a
Hindi Story Book
260
_a
New delhi
_c
2011
999
_c
6083
_d
6083